00913 2200301 4500001002100000005001500021035002000036007000300056008004100059020002300100082001400123084002000137100001400157245014500171250000600316260003900322300003100361650002700392700003800419700003500457990001700492990001700509990001700526990001700543990001700560990001700577990001700594INLIS00000000000122320260429085343 a0010-1023000043ta260429 j 0 ind  a978-602-933354-7-2 a364.132.3 a364.132.3 KRI p0 aKristanto1 aPendidikan Anti Korupsi Kls 6 :bpendidikan karakter anak /cKristanto, S.Pd ; editor. Romadhoni Qori Pratama ; ilustrator, Ikhwan Yulianda a- aMedan :bCV Maalikal Mulk Baru,c- a108 :bilus. ;c27.5 cme- 4aPendidikan Antikorupsi0 aRomadhoni Qori Pratama ( Editor )0 aIkhwan Yulianda ( Ilustrator ) a00031/R/2023 a00032/R/2023 a00033/R/2023 a00034/R/2023 a00035/R/2023 a00036/R/2023 a00037/R/2023